| 000 | 00000nam##2200000za#4500 |
| 001 | 9.591183 |
| 003 | CaOODSP |
| 005 | 20210624200511 |
| 007 | cr ||||||||||| |
| 008 | 150406|2002||||xxc|||||o f|0| 0 fre|d |
| 020 | |a0-662-87980-5 |
| 040 | |aCaOODSP|bfre |
| 043 | |an-cn--- |
| 086 | 1 |aCP32-79/39-2002F-IN |
| 110 | 2 |aCommission sur l'avenir des soins de santé au Canada. |
| 245 | 13|aLa capacité de gérer le changement dans les organisations de santé / |h[ressource électronique]|cpar François Champagne. |
| 260 | |aSaskatoon - Saskatchewan : |bConseil privé. |c2002. |
| 300 | |ax, 37p.|bfigures, références |
| 490 | 1 |aÉtude|vN° 39 |
| 590 | |a03-06|b2003-02-07 |
| 691 | 07|aGestion|2gcpds |
| 691 | 07|aPrise de décision|2gcpds |
| 691 | 07|aRéforme|2gcpds |
| 691 | 07|aRégime de soins de santé|2gcpds |
| 720 | 1 |aChampagne, François |
| 775 | 08|tThe ability to manage change in health organizations / |w(CaOODSP)9.558283 |
| 830 | #0|aÉtude (Commission sur l'avenir des soins de santé au Canada)|vN° 39|w(CaOODSP)9.500911 |
| 856 | 40|ahttp://publications.gc.ca|qPDF|s1432 Ko|uhttps://publications.gc.ca/collections/Collection/CP32-79-39-2002F.pdf|yN° 39 |